000 00327nam a2200133 i 4500
001 bg
100 1 _aWIŚNIEWSKI, K.
245 0 _aAnaliza numeryczna powłoki cylindrycznej... /
_cK. Wiśniewski.
260 _aWarszawa,
_c1984.
040 _cBPK
041 _apol
942 _cKS
008 s pl f |000 0 pol
999 _c22940
_d22940
856 _uhttp://koha.tu.koszalin.pl/cgi-bin/koha/opac-detail.pl?biblionumber=22940
_yKatalog online BPK